MDQL
is popping MORE tags! Check the
thread
!
Quizzes
Events
Quiz Creation
Community
Videos
Private Events
Remove Ads
Sign In
Join for FREE
Feedback
Dark Mode
Quiz Categories
Sports
Geography
Music
Movies
Television
Just For Fun
Miscellaneous
History
Literature
Language
Science
Gaming
Entertainment
Religion
Holiday
For Kids
Quiz Lab
Recent
Popular Today
Quiz Kudos Today
Editor Picks
Curator Picks
Quizzes by...
Day
Popularity
Type
Ratings
Length
Year
Community
Subscriptions
Recent Discussions
Orange Saloon
Badges
Playlists
Quests
Create
Leaderboards
Showdown
Live 5
Trivia Bingo
Activity
Puzzle Library
Sporcle Events
Private Events
Virtual Trivia
Globe League
Become a Host
Pub Owners
SporcleCon
Opinionation
Our Games
Videos
Blog
Mobile Apps
Partnerships
Remove Ads and Go Orange
Feedback
Music
Pop Music
The Beatles
Song
Album
Lyrics
Bands
Singers
Artist
Clip
Rock
Rap
Classical
Billboard
Country Music
Kpop
Taylor Swift
Music
Pop Music
The Beatles
Song
Album
Lyrics
Bands
Singers
Artist
Clip
Rock
Rap
Classical
Billboard
Country Music
Kpop
Taylor Swift
Random Quiz
Search Sporcle
×
Curator Pick
Curator Pick
Music
Album
Select answers by clicking on text or image buttons
Select answers by clicking on text or image buttons
Clickable
Best Score? Go Orange.
Follow That Line: Queen - Game, Hot Space and Flash Stats
Can you pick the next line from these Queen songs?
By
hymietherobot
8m
24 Questions
181 Plays
181 Plays
181 Plays
Comments
Comments
Give Quiz Kudos
Give Quiz Kudos
-
- Ratings
hide this ad
More Info
Forced Order
Answers have to be entered in order
Answers have to be entered in order
Replay
Link that replays current quiz
Next Quiz
Link to next quiz in quiz playlist
You Got
0%
They Got
Avg Score
58%
Avg Friend Score
Upgrade to see
Score Distribution
Jump to the score distribution portion of the page
Score
0/24
Timer
08:00
0
Plays Today
% Correct
A-ah!
85.6%
Out of the doorway the bullets rip, to the sound of the beat
79.6%
All you have to do is fall in love, play the game
75.1%
There goes my baby, she knows how to rock n' roll
72.4%
Can't we give ourselves one more chance?
71.3%
I'm naked and I'm far from home
70.2%
I'll eat my heart out 'cos I love, love, love, love her
67.4%
Las palabras de amor
64.1%
Gonna eat that sound -(yeah yeah yeah)
61.3%
I got retribution, filled 'em all full of lead
59.1%
Sail away sweet sister, always be in love with you
56.9%
Analysing what I say
55.8%
% Correct
Snakes in your eyes
55.2%
Ain't got no black coat, ain't got no tie
54.7%
Take this message, a message for you
54.1%
Somebody naggin' you when you're out with the boys
52.5%
Maybe you should execute their trainer?
52.5%
All you got to do is save the world
51.9%
Feeling the beat of my heart
51.4%
Breastfeeding myself, what more can I say?
47.5%
I said shoot and get your suit and come along with me
44.8%
You and me got staying power
44.2%
You just can't be a prick teaser all of the time
42.5%
I gotta feeling, this world is using me
39.2%
Quiz Playlist
Details
Report
Send in Message
Add To Playlist
More Info:
All songs are from the original releases, no bonus track songs or b-sides.
Clickable:
Select answers by clicking on text or image buttons
Forced Order:
Answers have to be entered in order
Last Updated: Feb 16, 2017
Curator Pick in
Follow That Line
Quiz Scoreboard
CHALLENGE
Sign Up to Join the Scoreboard
Show All
Scores
Hide
Comments
May contain spoilers
Recently Published
Image Sorting: Flags VI
by Barbecue
Geography
2m
Find the 'City' Movie
by crazypaving
Movies
60s
Colored Red Africa Blitz
by spor1
Geography
45s
More to Explore
Quiz From the Vault
Featured Blog Post
14 Easter Pick-up Lines to Find Eggs With
hide this ad
You Might Also Like...
Tags
Album Quiz
Follow That Line Quiz
Queen
Today's Top Quizzes in Music
Browse Music
hide this ad
Today's Top Quizzes in Album
Browse Album
Top Contributed Quizzes in Music
1
5X2 Blitz: Bands II
2
5X2 Blitz: The Beatles
3
Taylor Swift All Songs (2024)
4
5X2 Blitz: Billboard
5
5X2 Blitz: Billboard II
6
5X2 Blitz: Album
7
5X2 Blitz: Rock
8
5X2 Blitz: Singers
9
Music Artist by Three 2010s hits
10
5X2 Blitz: Lyrics
Explore More
Trending Topics
Marvel
NBA
Disney
Anime
Kpop
Crossword
Harry Potter
Pokémon
Country
NFL
Soccer
Song
WWE
The Office
Puzzle
hide this ad
More By:
hymietherobot
Quiz
Plays
Rating
Category
Featured
Created
Follow That Line: Hits From 1984
4,225
4.66
Music
Jul 19, 2014
Would You Believe...Get Smart Follow That Line
2,061
4.83
Television
Feb 27, 2013
Follow That Line: Hogan's Heroes
1,278
4.86
Television
Apr 2, 2015
The Old Clickable Get Smart Quiz Trick
1,258
3.83
Television
Aug 28, 2012
Follow That Line: Ghostbusters 2
1,133
5.00
Movies
May 28, 2015
Go to Creator's Profile
Score Distribution
Quiz Creator Spotlight
hymietherobot
Follow
Send a Message
Quizzes Created
-
Created Quiz Play Count
-
More By This Creator
Popular Quizzes Today
1
Colored Red Africa Blitz
2
Find the US States - No Outlines Minefield
3
Find the 'City' Movie
4
5x2 Blitz: Bands
5
The Countries of the World
6
Find the Countries of Europe - No Outlines Minefield
7
Find the US States
8
US States
More Music Quizzes
According to Green Day Songs
Quiz Lab
Trending Quizzes
Colored Red Europe Blitz I
Colored Red Europe Blitz II
Colored Red Africa Blitz II
Colored Red Europe Blitz III
Colored Red Africa Blitz III
Recently Updated
How Do You Spell That?
pecheneg
Godzilla Movies
pecheneg
Grab Bag: 4-10 Letters
pecheneg
2024 March Madness Bracket
pecheneg
Famous TV Couples
Peacemaker
Champions League XIs: Real Madrid
pecheneg
Largest US Cities 1790-2010
pecheneg
Rides in Walt Disney World
pecheneg
Most Oscar Losses (Acting)
pecheneg
Beyoncé Albums
pecheneg
Trending Topics
Marvel
Disney
Kpop
Crossword
Harry Potter
NBA
Anime
Soccer
Song
Pokémon
WWE
The Office
Country
Puzzle
NFL
Your Account Isn't Verified!
In order to create a playlist on Sporcle, you need to verify the email address you used during registration. Go to your
Sporcle Settings
to finish the process.
Report this User
Report this user for behavior that violates our
Community Guidelines
.
Details:
Send Report
Go to the Sporcle.com Mobile Site →
Comments